Tratados constitutivos de las Comunidades Europeas: CECA, CEE, CEEA. Acta Unica Europea, textos relativos a las comunidades
Saved in:
| Format: | Bog |
|---|---|
| Sprog: | spansk |
| Udgivet: |
Luxemburgo
Oficina de Publicaciones Oficiales de las Comunidades Europeas
1987
|
| Fag: | |
| Tags: |
Tilføj Tag
Ingen Tags, Vær først til at tagge denne postø!
|
MARC
| LEADER | 00000nam a2200000 a 4500 | ||
|---|---|---|---|
| 001 | UCI7187 | ||
| 003 | CL-VaPUC | ||
| 008 | 080613e19870000LU |||||||||||||||||spa|d | ||
| 020 | |a 9282576531 | ||
| 082 | 0 | 4 | |a 382.9142 |b TRA |2 21 |
| 245 | 1 | 0 | |a Tratados constitutivos de las Comunidades Europeas: CECA, CEE, CEEA. Acta Unica Europea, textos relativos a las comunidades |
| 300 | |a 649 p | ||
| 942 | |c BK | ||
| 945 | |d 20080613 00:00:00 |a jtorresc | ||
| 260 | |a Luxemburgo |b Oficina de Publicaciones Oficiales de las Comunidades Europeas |c 1987 | ||
| 650 | 0 | |a Comunidad Europea |9 255772 | |
| 650 | 0 | |a Tratados internacionales |9 256056 | |
| 650 | 7 | |a CRISIS ECONOMICA |2 CL-VaPUC |9 530325 | |
| 650 | 7 | |a MONOPOLIO |2 CL-VaPUC |9 368825 | |
| 650 | 7 | |a LEGISLACION |2 CL-VaPUC |9 530326 | |
| 650 | 0 | |a Aceros |9 260685 | |
| 650 | 7 | |a CARBON |2 CL-VaPUC |9 268755 | |
| 650 | 0 | |a Economía |9 255568 | |
| 651 | 0 | |a Europa |9 255156 | |
| 583 | |a last modification |c 20160105 12:47:47 |k Rodrigo Vera | ||
| 999 | |c 330539 |d 330537 | ||
| 952 | |0 0 |1 0 |4 0 |6 382_914200000000000_TRA_1987 |7 0 |8 A |9 416127 |a BIBDER |b BIBDER |d 2019-11-22 |i 4448804 |o 382.9142 TRA 1987 |p 4448804 |r 2023-01-25 |w 2019-11-22 |y BK |k DER | ||